00855nam a22002411 450000100060000000300080000600500170001400800410003103500190007204000320009104100080012308200220013110000190015324500480017225000220022026000420024230000310028450400190031552001950033465000310052965000140056070000390057416430BD-RjUL20211209000017.0140213s1968 nyua j 001 0 eng d a(BD-RjUL)16485 aDLCcDLCdDLCdBD-RjULbeng aeng00a796.357bSIB 19681 aSiebert, Dick.00aBaseball /cby Dick Siebert and Otto Vogel. aRev. and enl. ed. aNew York :bSterling Pub. Co ,cc1968 a160 p. :billus. ;c21 cm. aIncludes Index aDrawings, photographs and brief text trace the history of baseball and demonstrate techniques of throwing, fielding, hitting and base running. Also includes rules for Little League Baseball. 0aBaseballxPictorial works. 1aBaseball.1 aVogel, Otto,d1897-ejoint author.